Cẩm nang hàn

Nội dung sách bàn về các bản vẽ kỹ thuật, vật liệu hàn, thiết kế và công nghệ hàn, ứng suất và biến dạng hàn, kiểm tra chất lượng hàn, kỹ thuật an toàn trong hàn.

Shranjeno v:
Bibliografske podrobnosti
Glavni avtor: Hoàng, Tùng
Format: Knjiga
Jezik:Undetermined
Izdano: Hà Nội Khoa học và kỹ thuật 2006
Teme:
Oznake: Označite
Brez oznak, prvi označite!
Thư viện lưu trữ: Trung tâm Học liệu Trường Đại học Cần Thơ
LEADER 00806nam a2200205Ia 4500
001 CTU_128083
008 210402s9999 xx 000 0 und d
020 |c 32000 
082 |a 671.52 
082 |b T513 
100 |a Hoàng, Tùng 
245 0 |a Cẩm nang hàn 
245 0 |c Hoàng Tùng (chủ biên) ... [et al.] 
260 |a Hà Nội 
260 |b Khoa học và kỹ thuật 
260 |c 2006 
520 |a Nội dung sách bàn về các bản vẽ kỹ thuật, vật liệu hàn, thiết kế và công nghệ hàn, ứng suất và biến dạng hàn, kiểm tra chất lượng hàn, kỹ thuật an toàn trong hàn. 
650 |a Welding,Hàn 
904 |i Tuyến 
980 |a Trung tâm Học liệu Trường Đại học Cần Thơ